Industrial Engineering Mgt (Record no. 4988)

MARC details
000 -LEADER
fixed length control field 00408nam a22001697a 4500
005 - DATE AND TIME OF LATEST TRANSACTION
control field 20160701100616.0
008 - FIXED-LENGTH DATA ELEMENTS--GENERAL INFORMATION
fixed length control field 160701b xxu||||| |||| 00| 0 eng d
020 ## - INTERNATIONAL STANDARD BOOK NUMBER
ISBN 81-85749-71-X
041 ## - LANGUAGE CODE
Language code of text/sound track or separate title eng
082 ## - DEWEY DECIMAL CLASSIFICATION NUMBER
Item number 17646
100 ## - MAIN ENTRY--AUTHOR NAME
Personal name Verma, A P
245 ## - TITLE STATEMENT
Title Industrial Engineering Mgt
260 ## - PUBLICATION, DISTRIBUTION, ETC. (IMPRINT)
Name of publisher S.K. Kataria & Sons
Year of publication 2011-12
300 ## - PHYSICAL DESCRIPTION
Number of Pages 816
650 ## - SUBJECT ADDED ENTRY--TOPICAL TERM
Topical Term Diploma Engineering
942 ## - ADDED ENTRY ELEMENTS (KOHA)
Koha item type Books
Holdings
Lost status Damaged status Home library Current library Shelving location Date acquired Cost, normal purchase price Full call number Accession Number Koha item type Collection code
    JRU Library   SHELF-43-I 01/07/2016 340.00 17646 17646 Books  
    JRU Library   SHELF-43-H 01/07/2016 340.00 17646 17647 Books  
    JRU Library   SHELF-43-H 01/07/2016 340.00 17646 17648 Books  
    JRU Library JRU Library SHELF-42-E 01/07/2016 340.00 17646 17649 Books MANAGEMENT
    JRU Library   SHELF-43-I 01/07/2016 340.00 17646 17650 Books  
    JRU Library   SHELF-43-I 01/07/2016 340.00 17646 17651 Books  
    JRU Library     01/07/2016 340.00 17646 17652 Books  
    JRU Library   SHELF-43-H 01/07/2016 340.00 17646 17653 Books  
    JRU Library JRU Library SHELF-42-E 01/07/2016 340.00 17646 17654 Books MANAGEMENT
    JRU Library   SHELF-43-H 01/07/2016 340.00 17646 17655 Books  
    JRU Library   SHELF-43-I 01/07/2016 340.00 17646 17656 Books  
    JRU Library   SHELF-43-H 01/07/2016 340.00 17646 17657 Books  
    JRU Library   SHELF-43-I 01/07/2016 340.00 17646 17658 Books  
    JRU Library   SHELF-43-H 01/07/2016 340.00 17646 17659 Books  
    JRU Library   SHELF-43-H 01/07/2016 340.00 17646 17660 Books  
    JRU Library   SHELF-43-H 01/07/2016 340.00 17646 17661 Books  
    JRU Library   SHELF-43-I 01/07/2016 340.00 17646 17662 Books  
    JRU Library   SHELF-43-I 01/07/2016 340.00 17646 17663 Books  
    JRU Library   SHELF-43-H 01/07/2016 340.00 17646 17664 Books  
    JRU Library   SHELF-43-H 01/07/2016 340.00 17646 17665 Books  
    JRU Library   SHELF-43-I 01/07/2016 340.00 17646 17666 Books  
    JRU Library   SHELF-43-H 01/07/2016 340.00 17646 17667 Books  
    JRU Library   SHELF-43-I 01/07/2016 340.00 17646 17668 Books  
    JRU Library   SHELF-43-I 01/07/2016 340.00 17646 17669 Books  
    JRU Library JRU Library SHELF-42-E 01/07/2016 340.00 17646 17670 Books MANAGEMENT
    JRU Library   SHELF-43-H 01/07/2016 340.00 17646 17671 Books  
    JRU Library   SHELF-43-I 01/07/2016 340.00 17646 17672 Books  
    JRU Library   SHELF-43-H 01/07/2016 340.00 17646 17673 Books  
    JRU Library JRU Library SHELF-42-E 01/07/2016 340.00 17646 17674 Books MANAGEMENT
    JRU Library   SHELF-43-H 01/07/2016 340.00 17646 17675 Books  
    JRU Library   SHELF-43-H 01/07/2016 340.00 17646 17676 Books  
    JRU Library   SHELF-43-H 01/07/2016 340.00 17646 17677 Books  
    JRU Library   SHELF-43-I 01/07/2016 340.00 17646 17678 Books  
    JRU Library   SHELF-43-H 01/07/2016 340.00 17646 17679 Books  
    JRU Library   SHELF-43-I 01/07/2016 340.00 17646 17680 Books  
    JRU Library   SHELF-43-H 01/07/2016 340.00 17646 17681 Books  
    JRU Library   SHELF-43-I 01/07/2016 340.00 17646 17682 Books